Szczegóły MARC21

Rola turystyki w rozwoju gospodarczym obszarów wiejskich i leśnych /

003 -Nazwa inst., której nr kontr. jest w polu 001 [,]
    • @
    • Nazwa instytucji, której n kontrolny jest w polu 001
    • NUKAT
005 -DATA I CZAS OSTATNIEJ MODYFIKACJI [,]
    • @
    • pole kontrolne
    • 20241231111924.0
020 -Międzynarod. znormalizowany nr książki - ISBN [ , ]
    • a
    • Numer ISBN
    • 838966402X Find
040 -Instytucja sporządzająca opis [ , ]
    • a
    • Instytucja, która sporządziła opis (NP)
    • KR U/IN
    • c
    • Instytucja, która sporządziła rekord (NP)
    • KR U/IN
    • d
    • Instytucja, która zmodyfikowała rekord (P)
    • KR U/ES
    • d
    • Instytucja, która zmodyfikowała rekord (P)
    • TOR U/UDs
    • d
    • Instytucja, która zmodyfikowała rekord (P)
    • WA M/IW
    • d
    • Instytucja, która zmodyfikowała rekord (P)
    • GL 001/EZN
942 -Rodzaj dokumentu [ , ]
    • c
    • Rodzaj dokumentu
    • Książka
245 -Strefa tytułu i oznaczenia odpowiedzialności [0,0]
    • a
    • Tytuł
    • Rola turystyki w rozwoju gospodarczym obszarów wiejskich i leśnych / Find
    • c
    • Pozostałe elementy strefy tytułu i oznaczenia odpowiedzialności (NP)
    • red. nauk. Mieczysław Sirko, Janusz Bek ; Wyższa Szkoła Ekonomiczna w Stalowej Woli.
260 -Strefa adresu wydawniczego [ , ]
    • a
    • Miejsce wydania (P)
    • Stalowa Wola :
    • b
    • Nazwa wydawcy (P)
    • Wyższa Szkoła Ekonomiczna,
    • c
    • Data wydania (P)
    • 2006.
300 -Strefa opisu fizycznego [ , ]
    • a
    • Określenie formy książki i/lub objętość (NP)
    • 215 s. :
    • b
    • Oznaczenie ilustracji (NP)
    • il. ;
    • c
    • Format (NP)
    • 24 cm.
336 -Typ zawartości [ , ]
    • a
    • Termin opisujący typ zawartości
    • Tekst
    • b
    • Kod określający zawartość
    • txt
    • 2
    • Źródło (terminu i kodu)
    • rdacontent
337 -Typ mediów [ , ]
    • a
    • Tryb odtwarzania
    • Bez urządzenia pośredniczącego
    • b
    • Kod typu mediów
    • n
    • 2
    • Źródło (terminu i kodu)
    • rdamedia
338 -Typ/rodzaj nośnika [ , ]
    • a
    • Hasło opisujące typ nośnika
    • Wolumin
    • b
    • Kod typu nośnika
    • nc
    • 2
    • Źródło (terminu i kodu)
    • rdacarrier
504 -Uwaga dot. bibliogr. załącznikowej [ , ]
    • a
    • Uwaga dot. bibliografii załącznikowej
    • Bibliogr. s. 209-215.
650 -Hasło przedmiotowe [ ,7]
    • a
    • Hasło przedmiotowe
    • Agroturystyka
    • z
    • Określnik geograficzny
    • Polska
    • y
    • Określnik chronologiczny
    • 1990-.
    • 2
    • Źródło terminu
    • kaba
    • 9
    • KHW
    • 368746
650 -Hasło przedmiotowe [ ,7]
    • a
    • Hasło przedmiotowe
    • Lasy
    • x
    • Określnik rzeczowy
    • wykorzystanie dla celów rekreacyjnych.
    • 2
    • Źródło terminu
    • kaba
    • 9
    • KHW
    • 116716
650 -Hasło przedmiotowe [ ,7]
    • a
    • Hasło przedmiotowe
    • Rozwój terenów wiejskich
    • x
    • Określnik rzeczowy
    • aspekt ekonomiczny
    • z
    • Określnik geograficzny
    • Polska
    • y
    • Określnik chronologiczny
    • 1990-.
    • 2
    • Źródło terminu
    • kaba
    • 9
    • KHW
    • 350390
700 -Hasło dodatkowe - nazwa osobowa [1, ]
    • a
    • Nazwa osobowa (NP)
    • Sirko, Mieczysław Find
    • d
    • Daty biograficzne (NP)
    • (1943-2014).
    • e
    • Określenie rodzaju współpracy
    • Red.
    • 9
    • KHW
    • 411261
700 -Hasło dodatkowe - nazwa osobowa [1, ]
    • a
    • Nazwa osobowa (NP)
    • Bek, Janusz. Find
    • e
    • Określenie rodzaju współpracy
    • Red.
    • 9
    • KHW
    • 411260
710 -Hasło dodatkowe - nazwa ciała zbiorowego [2, ]
    • a
    • Nazwa ciała zbiorowego lub nazwa geograficzna jako pierwszy element (NP)
    • Wyższa Szkoła Ekonomiczna (Stalowa Wola).
    • 4
    • Kod relacji
    • pbl
    • 9
    • KHW
    • 257870
920 -ISBN [ , ]
    • a
    • ISBN
    • 83-89664-02-X Find
Sygnatura Numer inwentarzowy Status udost. Data inwentaryzacji Lokalizacja
T.19518T.19518-22017-04-11T